Statistics for Afrika Haritası Testi

Click here to take the quiz!

General Stats

  • This quiz has been taken 347 times
  • The average score is 19 of 54

Answers on the Map

Answers color-coded by a green-red scale on the quiz's map according to % correct below.
 

Answer Stats

Answer% Correct
Fas
78%
Cezayir
77%
Mısır
74%
Libya
70%
Tunus
70%
Madagaskar
54%
Çad
52%
Sudan
52%
Güney Afrika
51%
Kongo Demokratik Cumhuriyeti
50%
Somali
50%
Etiyopya
47%
Orta Afrika
Cumhuriyet
47%
Güney Sudan
45%
Eritre
43%
Cibuti
40%
Tanzanya
38%
Angola
37%
Kenya
36%
Lesotho
34%
Mali
34%
Kongo Cumhuriyeti
33%
Mozambik
33%
Nijer
33%
Fildişi Sahili
32%
Nijerya
32%
Ruanda
32%
Esvatini
31%
Togo
31%
Ekvator Ginesi
30%
Botsvana
29%
Burundi
29%
Uganda
29%
Kamerun
28%
Malawi
28%
Moritanya
28%
Namibya
26%
São Tomé ve Príncipe
26%
Yeşil Burun Adaları
26%
Burkina Faso
25%
Gabon
25%
Zimbabve
25%
Zambiya
24%
Seyşeller
24%
Gambiya
23%
Senegal
23%
Liberya
22%
Benin
21%
Gana
20%
Komorlar
20%
Gine-Bissau
19%
Mauritius
19%
Sierra Leone
18%
Gine
14%

Score Distribution

Percentile by Number Answered

Percent of People with Each Score

Your Score History

You have not taken this quiz